Kvalita institucionálního prostředí a její význam pro rozvoj podnikání

Inštitúcie a inštitucionálne prostredie. Korupcia ako neformálna inštitúcia. Pojem korupcia. Miera korupcie v nových členských krajinách EÚ. Korupcia a protikorupčná politika v ČR.

Uložené v:
Podrobná bibliografia
Hlavný autor: Volejníková, Jolana
Médium: Kapitola
Jazyk:Czech
Predmet:
Tagy: Pridať tag
Žiadne tagy, Buďte prvý, kto otaguje tento záznam!

MARC

LEADER 00000naa$a2200000$$$4500
001 0046749
005 20221128095413.9
041 0 |a cze 
044 |a SK 
245 1 0 |a Kvalita institucionálního prostředí a její význam pro rozvoj podnikání  |c Jolana Volejníková 
520 |a Inštitúcie a inštitucionálne prostredie. Korupcia ako neformálna inštitúcia. Pojem korupcia. Miera korupcie v nových členských krajinách EÚ. Korupcia a protikorupčná politika v ČR. 
610 2 0 |a inštitúcia 
610 2 0 |a korupcia 
610 2 0 |a pojmy 
610 2 0 |a Európska únia 
100 1 |a Volejníková, Jolana